|
|
|
|
| LEADER |
00000nab a2200000 a 4500 |
| 001 |
vtls000787426 |
| 003 |
SK-MaSNL |
| 005 |
20260304111309.0 |
| 008 |
250429c2001 xo 0 slo |
| 015 |
|
|
|a SNBRB2002/03-09576
|
| 035 |
|
|
|a CLN000139081
|
| 035 |
|
|
|a urn:nbn:sk:snk-abnjq
|
| 035 |
|
|
|a (urnnbn)urn:nbn:sk:snk:ar-a06ah2
|
| 035 |
|
|
|a (uuid)a4d5f895-1df2-4878-84ec-d40459b06e4d
|
| 040 |
|
|
|a SNKBUCL
|b slo
|c SNKBUCL
|e AACR2
|
| 041 |
0 |
|
|a slo
|
| 044 |
|
|
|a xo
|c SK
|
| 080 |
|
|
|a 616.69-008.1:616.853
|2 1997
|
| 080 |
|
|
|a 616.853
|2 1997
|
| 100 |
1 |
|
|a Špalek, Peter
|4 aut
|9 514403
|
| 245 |
1 |
0 |
|a Prejavy sexuálnej dysfunkcie u pacientov s epilepsiou
|c Peter Špalek
|
| 504 |
|
|
|a Res. angl., slov.
|
| 504 |
|
|
|a Bibliogr. odkazy
|
| 650 |
0 |
7 |
|a dysfunkcia erektilná
|x epilepsia
|x vzťahy
|2 snkbucl
|9 1411311
|
| 650 |
0 |
7 |
|a epilepsia
|x dysfunkcia erektilná
|x vzťahy
|2 snkbucl
|9 1411312
|
| 655 |
|
7 |
|a články z novín a časopisov
|2 snkbucl
|9 267496
|
| 773 |
0 |
|
|t Sexuológia = Sexology
|g Roč. 1, č. 2 (2001), s. 26-28
|x 1335-8820
|
| 850 |
|
|
|a Slovenská národná knižnica
|
| 852 |
|
|
|a Slovenská národná knižnica
|
| 954 |
|
|
|a odborná, vedecká literatúra pôvodná (slovenská)
|2 lita
|
| 958 |
|
|
|a article27
|
| 958 |
|
|
|a MI
|
| 958 |
|
|
|a OND
|
| 958 |
|
|
|a EUIPO
|
| 999 |
|
|
|c 2862113
|d 2864043
|